| 000 | 01371cam a22003614a 4500 | ||
|---|---|---|---|
| 001 | 12437940 | ||
| 003 | SISC | ||
| 005 | 20160601095408.0 | ||
| 007 | SISC | ||
| 008 | 010601s2000 enk c 000 1 eng | ||
| 010 | _a 2001347668 | ||
| 020 | _a9780064410021 (pbk.) | ||
| 035 | _a(UkLWHE)e000344915 | ||
| 040 |
_aDLC _cDLC |
||
| 042 |
_apcc _alcac |
||
| 043 | _ae-uk-en | ||
| 050 | 0 | 0 |
_aPZ 7 .N1384 _bOt 2000 |
| 082 | 0 | 0 | _a[Fic] |
| 100 | 1 | _aNaidoo, Beverley. | |
| 245 | 1 | 4 |
_aThe other side of truth / _cBeverley Naidoo. |
| 260 |
_aLondon : _bHarper Trophy, _c2000. |
||
| 300 |
_a252 p. ; _c20 cm. |
||
| 520 | _aSmuggled out of Nigeria after their mother's murder, Sade and her younger brother are abandoned in London when their uncle fails to meet them at the airport and they are fearful of their new surroundings and of what may have happened to their journalist father back in Nigeria. | ||
| 586 | _aNestlé Smarties Book Prize: Silver Award Winner, 2000 | ||
| 650 | 0 |
_aNigerians _zEngland _zLondon _vJuvenile fiction. |
|
| 650 | 1 |
_aNigerians _zEngland _zLondon _vFiction. |
|
| 650 | 1 |
_aBlacks _zEngland _zLondon _vFiction. |
|
| 650 | 1 |
_aRefugees _vFiction. |
|
| 650 | 1 |
_aBrothers and sisters _vFiction. |
|
| 906 |
_a7 _bcbc _corigres _d3 _encip _f20 _gy-gencatlg |
||
| 942 |
_2lcc _cBK |
||
| 999 |
_c294971 _d294971 |
||